Cardiac rehabilitation / (Record no. 4165)
[ view plain ]
| 000 -LEADER | |
|---|---|
| fixed length control field | 01566cam a2200277 a 4500 |
| 001 - CONTROL NUMBER | |
| control field | 3733060 |
| 003 - CONTROL NUMBER IDENTIFIER | |
| control field | OSt |
| 005 - DATE AND TIME OF LATEST TRANSACTION | |
| control field | 20220318092123.0 |
| 008 - FIXED-LENGTH DATA ELEMENTS--GENERAL INFORMATION | |
| fixed length control field | 810720s1981 nyua b 001 0 eng |
| 010 ## - LIBRARY OF CONGRESS CONTROL NUMBER | |
| LC control number | 81010270 |
| 020 ## - INTERNATIONAL STANDARD BOOK NUMBER | |
| International Standard Book Number | 0443081476 |
| 040 ## - CATALOGING SOURCE | |
| Original cataloging agency | DLC |
| Transcribing agency | ALUPE UNIVERSITY |
| Modifying agency | DLC |
| 050 00 - LIBRARY OF CONGRESS CALL NUMBER | |
| Classification number | RC684 |
| Item number | .C37 1981 |
| 082 00 - DEWEY DECIMAL CLASSIFICATION NUMBER | |
| Classification number | 616.1/2062 |
| Edition number | 19 |
| 245 00 - TITLE STATEMENT | |
| Title | Cardiac rehabilitation / |
| Statement of responsibility, etc. | edited by Louis R. Amundsen. |
| 260 ## - PUBLICATION, DISTRIBUTION, ETC. | |
| Place of publication, distribution, etc. | New York : |
| Name of publisher, distributor, etc. | Churchill Livingstone, |
| Date of publication, distribution, etc. | 1981. |
| 300 ## - PHYSICAL DESCRIPTION | |
| Extent | xii, 170 p. : |
| Other physical details | ill. ; |
| Dimensions | 24 cm. |
| 440 #0 - SERIES STATEMENT/ADDED ENTRY--TITLE | |
| Title | Clinics in physical therapy ; |
| Volume/sequential designation | v. 1 |
| 504 ## - BIBLIOGRAPHY, ETC. NOTE | |
| Bibliography, etc. note | Includes bibliographical references and index. |
| 505 0# - FORMATTED CONTENTS NOTE | |
| Formatted contents note | Normal and abnormal cardiovascular responses to acute physical exercise / Louis R. Amundsen and David N. Nielson -- Exercise physiology / David H. Nielsen and Louis R. Amundsen -- Physiological effects of endurance training / Theresa Hoskins Michel -- Chart review and physical assessment prior to exercise / Marion Schoneberger, Bill Schoneberger, and Brenda Rae Lunsford -- Electrocardiography / Marcia J. Pearl -- Progressive exercise tolerance testing / R.G. McAllister, Jr. and Stuart L. Lowenthal -- Rehabilitation / Robin S. Graf -- Cardiac rehabilitation of outpatients during the recovery stage following myocardial infarction / Charles L. Carter -- Case study / Kathleen Janikula Fleischaker ... et al. |
| 650 #0 - SUBJECT ADDED ENTRY--TOPICAL TERM | |
| Topical term or geographic name entry element | Exercise therapy. |
| 650 #0 - SUBJECT ADDED ENTRY--TOPICAL TERM | |
| Topical term or geographic name entry element | Heart |
| General subdivision | Diseases |
| -- | Patients |
| -- | Rehabilitation. |
| 700 1# - ADDED ENTRY--PERSONAL NAME | |
| Personal name | Amundsen, Louis R. |
| 906 ## - LOCAL DATA ELEMENT F, LDF (RLIN) | |
| a | 7 |
| b | cbc |
| c | orignew |
| d | 1 |
| e | ocip |
| f | 19 |
| g | y-gencatlg |
| 942 ## - ADDED ENTRY ELEMENTS (KOHA) | |
| Source of classification or shelving scheme | |
| Koha item type | Book |
| Suppress in OPAC | DO |
| Withdrawn status | Lost status | Source of classification or shelving scheme | Damaged status | Not for loan | Permanent Location | Current Location | Shelving location | Date acquired | Source of acquisition | Total Checkouts | Full call number | Barcode | Date last seen | Price effective from | Koha item type | Public note |
|---|---|---|---|---|---|---|---|---|---|---|---|---|---|---|---|---|
| AU LIBRARY | AU LIBRARY | Open Shelf | 18.03.2022 | DONATION FROM MOI UNIVERSITY | RC684 .C37 1981 | 28006098 | 18.03.2022 | 18.03.2022 | Book | DO |